000 00994nam a2200241 4500
001 768714001
003 CO-MdFUSB
005 20240709100731.0
008 240709t1999 sz ||||| |||| 00| 0 eng d
040 _bspa
_cCO-MdFUSB
_dCO-MdFUSB
041 _aeng
100 _aReeve, Ted,
_d1957-
_eautor
245 _aGod and the market :
_baffecting your life and faith
_c/ Ted Reeve
520 _aEste artículo titulado en español "Dios y el mercado - afectando tu vida y fe", enseña la importancia de llevar una economía equilibrada y ser responsable con las deudas y pago de impuestos.
546 _aTexto en inglés.
650 7 _aDios
_9178
650 0 _aCristianismo y economía
_91199
650 7 _aPolítica social
_92578
653 _aEconomía de mercado
773 0 _049396
_959524
_dGinebra
_oR1153
_tReformed World
_w(CO-MdFUSB)38
_x0034-3056
_gVolumen 49, (número 3, 1999) páginas: 92 - 98
_qpágina: 92
942 _cANA
945 _aCatherine Arias Álvarez - Practicante SENA
999 _c70458
_d70458